000 00420nam a2200169Ia 4500
001 4566
008 140318s9999 xx 000 0 und d
040 _cPK-LaUMT
082 _a 297
_bWAH-D
100 _aWaheed ud Din Khan (Maulana)
245 _aDin-e-kamal (Urdu)
_cWaheed ud Din Khan (Maulana)
260 _aLahore,Pakistan:
_bDaruz Tazkeer,
_c2008
300 _a367 p.
501 _a`
546 _aEN
942 _cBK
999 _c4712
_d4712